Human behavior and crisis management / (Record no. 929)

MARC details
000 -LEADER
fixed length control field 00656nam a22001937a 4500
005 - DATE AND TIME OF LATEST TRANSACTION
control field 20230207062659.0
008 - FIXED-LENGTH DATA ELEMENTS--GENERAL INFORMATION
fixed length control field 230207b |||||||| |||| 00| 0 eng d
020 ## - INTERNATIONAL STANDARD BOOK NUMBER
International Standard Book Number 978-971-9617-51-8
082 ## - DEWEY DECIMAL CLASSIFICATION NUMBER
Classification number Fil. 302.5 Ed24 2015
100 ## - MAIN ENTRY--PERSONAL NAME
Personal name Eduardo, Jesster P.
Relator term author
245 ## - TITLE STATEMENT
Title Human behavior and crisis management /
Statement of responsibility, etc. Jesster P. Eduardo, Carlito R. Panganoro Jr.
260 ## - PUBLICATION, DISTRIBUTION, ETC.
Place of publication, distribution, etc. Quezon City:
Name of publisher, distributor, etc. Wiseman's Book Trading,
Date of publication, distribution, etc. c2015.
300 ## - PHYSICAL DESCRIPTION
Extent viii, 181p.;
Other physical details ill.
504 ## - BIBLIOGRAPHY, ETC. NOTE
Bibliography, etc. note Includes bibliographical references
541 ## - IMMEDIATE SOURCE OF ACQUISITION NOTE
Accession number 5247 c.1, 5248 c.2
650 ## - SUBJECT ADDED ENTRY--TOPICAL TERM
Topical term or geographic name entry element Human behavior
650 ## - SUBJECT ADDED ENTRY--TOPICAL TERM
Topical term or geographic name entry element Crisis management
700 ## - ADDED ENTRY--PERSONAL NAME
Personal name Panganoron, Carlito R., Jr.
Relator term author
Holdings
Withdrawn status Lost status Source of classification or shelving scheme Damaged status Not for loan Home library Current library Date acquired Total Checkouts Full call number Barcode Date last seen Copy number Price effective from Koha item type
    Dewey Decimal Classification     ctu-moalboal ctu-moalboal 03/08/2018   Fil. 302.5 Ed24 2015 5247 02/07/2023 1 02/07/2023 Books-Filipiniana
    Dewey Decimal Classification     ctu-moalboal ctu-moalboal 03/08/2018   Fil. 302.5 Ed24 2015 5248 02/07/2023 2 02/07/2023 Books-Filipiniana